Central Library OPAC University of Rajshahi

Plato's Republic / (Record no. 76775)

MARC details
000 -LEADER
fixed length control field 00872cam a22003131a 4500
001 - CONTROL NUMBER
control field 76775
003 - CONTROL NUMBER IDENTIFIER
rucl marc code BD-RjUL
005 - DATE AND TIME OF LATEST TRANSACTION
control field 20211209082901.0
008 - FIXED-LENGTH DATA ELEMENTS--GENERAL INFORMATION
fixed length control field 20 s1966 enk 000 0 eng
035 ## - SYSTEM CONTROL NUMBER
System control number (BD-RjUL)
System control number 584551
040 ## - CATALOGING SOURCE
Original cataloging agency LC
Language of cataloging eng
Transcribing agency LC
Modifying agency LC
041 1# - LANGUAGE CODE
Language code of text/sound track or separate title eng
Language code of original grc
082 00 - DEWEY DECIMAL CLASSIFICATION NUMBER
Classification number 321.07
100 0# - MAIN ENTRY--PERSONAL NAME
Personal name Plato.
9 (RLIN) 237859
245 10 - TITLE STATEMENT
Title Plato's Republic /
Statement of responsibility, etc. edited and translated by I. A. Richards.
260 ## - PUBLICATION, DISTRIBUTION, ETC. (IMPRINT)
Place of publication, distribution, etc. Cambridge:
Name of publisher, distributor, etc. Cambridge U.P.,
Date of publication, distribution, etc. 1966.
300 ## - PHYSICAL DESCRIPTION
Pagination [4], 196 p. ;
Size 23 cm.
650 #0 - SUBJECT ADDED ENTRY--TOPICAL TERM
Topical term or geographic name as entry element Political science
Form subdivision Early works to 1800.
9 (RLIN) 237860
Topical term or geographic name as entry element Utopias.
9 (RLIN) 237861
700 1# - ADDED ENTRY--PERSONAL NAME
Personal name Richards, I. A.
Fuller form of name (Ivor Armstrong),
Dates associated with a name 1893-,
942 ## - ADDED ENTRY ELEMENTS (KOHA)
Source of classification or shelving scheme Dewey Decimal Classification
Koha item type Books
Holdings
Lost status Source of classification or shelving scheme Damaged status Not for loan Collection code Permanent Location Current Location Shelving location Date acquired Source of acquisition Cost, normal purchase price Total Checkouts Full call number Date last seen Copy number Koha item type
  Dewey Decimal Classification   Not For Loan Non-fiction Central Library, University of Rajshahi Central Library, University of Rajshahi Reading Room 18/11/1969 Zeitlinger 0.00   321.07 PLAR 1966 19/01/2020 C-1 Books